000 00940cab a2200313 4500
001 ABS51776
008 090401t1994 xxu||||| |||| 00| 0 eng d
035 _a(Sirsi) u43634
041 _aeng
100 _aSmith, P.
245 _aLegal update: rent reviews
260 _c1994
350 _a0
490 _aJournal of Property Valuation and Investment
_v12(4) 1994, 75-89(15)
520 _aSummarises recent trends in rent reviews.
650 _aARBITRATION ACT 1979
650 _aDISREGARDS
650 _aGROUND RENTS
650 _aINDEPENDENT EXPERTS
650 _aOPEN MARKET RENTS
650 _aRENT REVIEW CLAUSES
650 _aRENT REVIEWS
650 _aRENT-FREE PERIODS
650 _aTIME OF THE ESSENCE
690 _aMANAGEMENT-DISPUTE AVOIDANCE, MANAGEMENT AND RESOLUTION-DISPUTE MANAGEMENT AND RESOLUTION-ARBITRATION
690 _aLANDLORD AND TENANT-RENT REVIEWS
942 _n0
948 _c04/03/1997
999 _c27805
_d27805